[Event "Eurasia Cup op"]
[Site "Ekaterinburg"]
[Date "2019.08.05"]
[Round "5"]
[White "Buchina, Polina"]
[Black "Skvortsov, Andrei"]
[Result "0-1"]
[WhiteElo "1863"]
[BlackElo "2186"]
[PlyCount "76"]
[EventDate "2019.07.31"]
[EventType "swiss"]
[EventRounds "9"]
[EventCountry "RUS"]
[SourceTitle "CBM 191 Extra"]
[Source "ChessBase"]
[SourceDate "2019.09.30"]
[SourceVersion "1"]
[SourceVersionDate "2019.09.30"]
[SourceQuality "1"]

1. f4 d5 2. Nf3 Nf6 3. g3 e6 4. Bg2 c5 5. e3 Nc6 6. d3 Be7 7. 0-0 0-0 8. Nbd2 Qc7 9. e4 dxe4 10. dxe4 Rd8 11. Qe2 e5 12. Nc4 exf4 13. Bxf4 Qd7 14. Rad1 Qe8 15. Rxd8 Nxd8 16. Bd6 Be6 17. e5 Nd5 18. Nfd2 Nc6 19. Nb3 Nb6 20. Ncd2 Bxb3 21. Bxe7 Qxe7 22. Nxb3 c4 23. Nd2 Rc8 24. Re1 Re8 25. Bxc6 Qc5+ 26. Qf2 Qxc6 27. Nf3 h6 28. Nd4 Qd5 29. Nf5 Nd7 30. Ne3 Qb5 31. Qf4 Nxe5 32. b3 cxb3 33. axb3 Ng6 34. Qd4 a6 35. Kg2 Qc6+ 36. Kf2 Ne5 37. Nc4 f6 38. Qd6 Ng4+ 0-1

[Event "Eurasia Cup op"]
[Site "Ekaterinburg"]
[Date "2019.07.31"]
[Round "1"]
[White "Buchina, Polina"]
[Black "Postnikov, Daniil"]
[Result "0-1"]
[WhiteElo "1947"]
[BlackElo "2354"]
[PlyCount "124"]
[EventDate "2019.07.31"]
[EventType "swiss"]
[EventRounds "9"]
[EventCountry "RUS"]
[SourceTitle "CBM 191 Extra"]
[Source "ChessBase"]
[SourceDate "2019.09.30"]
[SourceVersion "1"]
[SourceVersionDate "2019.09.30"]
[SourceQuality "1"]

1. c4 Nf6 2. g3 c6 3. Bg2 d5 4. cxd5 cxd5 5. d4 g6 6. Nc3 Bg7 7. Nf3 Ne4 8. 0-0 Nc6 9. Bf4 0-0 10. Ne5 Nxc3 11. bxc3 Na5 12. e4 e6 13. Qf3 f6 14. Nd3 e5 15. Be3 b6 16. Nb4 dxe4 17. Qxe4 Bb7 18. Qd3 Bxg2 19. Kxg2 Rc8 20. Rac1 Nc4 21. Qe4 Re8 22. Qd5+ Qxd5+ 23. Nxd5 Rcd8 24. Nb4 a5 25. Nd3 Nxe3+ 26. fxe3 f5 27. Rb1 Rc8 28. Rxb6 Rxc3 29. Nxe5 Bxe5 30. dxe5 Rxe5 31. Rf2 Rcxe3 32. Rbb2 Kg7 33. Rfd2 Kf6 34. Kf2 Kg5 35. Rd7 h6 36. Rd6 Re6 37. Rd5 Ra3 38. Rd4 Rae3 39. Rd5 a4 40. Rc2 Kg4 41. Rd4+ R3e4 42. Rcc4 Kh3 43. Rxa4 Kxh2 44. Rxe4 fxe4 45. Ra3 Rf6+ 46. Ke2 Kg2 47. Ra4 Kxg3 48. Rxe4 Rf2+ 49. Ke3 Rxa2 50. Re6 g5 51. Rxh6 g4 52. Rg6 Kh3 53. Rh6+ Kg2 54. Rg6 g3 55. Rg7 Kh2 56. Rh7+ Kg1 57. Rg7 g2 58. Rg8 Kf1 59. Rf8+ Ke1 60. Rg8 Re2+ 61. Kd3 Kf1 62. Ra8 g1Q 0-1

[Event "RUS-ch Eurasia Cup op"]
[Site "Ekaterinburg"]
[Date "2018.08.09"]
[Round "8"]
[White "Kuzmin, Andrey"]
[Black "Buchina, Polina"]
[Result "1/2-1/2"]
[WhiteElo "1690"]
[BlackElo "1935"]
[PlyCount "75"]
[EventDate "2018.08.01"]
[EventType "swiss"]
[EventRounds "9"]
[EventCountry "RUS"]
[SourceTitle "CBM 185 Extra"]
[Source "ChessBase"]
[SourceDate "2018.07.29"]
[SourceVersion "1"]
[SourceVersionDate "2018.07.29"]
[SourceQuality "1"]

1. e4 c6 2. Nc3 d5 3. Nf3 dxe4 4. Nxe4 Bf5 5. Ng3 Bd7 6. d4 e6 7. Bd3 Nf6 8. 0-0 c5 9. Bg5 cxd4 10. Nxd4 Be7 11. Qe2 Nc6 12. Nf3 Nd5 13. Bd2 Qc7 14. Qe4 Nf6 15. Qe2 Nd5 16. Qe4 Ncb4 17. Nh5 f5 18. Nxg7+ Kf7 19. Qe5 Bd6 20. Ng5+ Kg6 21. Qd4 Nc6 22. Bxf5+ exf5 23. Qxd5 Bxh2+ 24. Kh1 Bf4 25. N7e6 Qc8 26. Bxf4 h6 27. Nf7 Rh7 28. Qd6 Bxe6 29. Ne5+ Nxe5 30. Bxe5 Qd7 31. Rad1 Rd8 32. b3 Qxd6 33. Rxd6 Rxd6 34. Bxd6 Rd7 35. Rd1 b5 36. Rd2 h5 37. Bf4 Rxd2 38. Bxd2 1/2-1/2

[Event "RUS-ch Eurasia Cup op"]
[Site "Ekaterinburg"]
[Date "2018.08.01"]
[Round "1"]
[White "Buchina, Polina"]
[Black "Ivanov, Andrew"]
[Result "0-1"]
[WhiteElo "1935"]
[BlackElo "2398"]
[PlyCount "92"]
[EventDate "2018.08.01"]
[EventType "swiss"]
[EventRounds "9"]
[EventCountry "RUS"]
[SourceTitle "CBM 185 Extra"]
[Source "ChessBase"]
[SourceDate "2018.07.29"]
[SourceVersion "1"]
[SourceVersionDate "2018.07.29"]
[SourceQuality "1"]

1. d4 d5 2. Nf3 Nf6 3. Bf4 c5 4. e3 Qb6 5. b3 Nc6 6. Be2 Bg4 7. c3 e6 8. 0-0 Rc8 9. Ne5 Bxe2 10. Qxe2 Be7 11. Nd2 cxd4 12. exd4 0-0 13. Bg5 Rc7 14. Nxc6 Rxc6 15. Qd3 Rfc8 16. c4 dxc4 17. bxc4 Qc7 18. g3 b6 19. Rac1 e5 20. d5 Nxd5 21. Nf3 Bxg5 22. Nxg5 Nf6 23. Rfd1 g6 24. Qf3 h6 25. Ne4 Nxe4 26. Qxe4 Rxc4 27. Rxc4 Qxc4 28. Qxe5 Qxa2 29. Ra1 Qc4 30. Rxa7 b5 31. Qe3 h5 32. h4 Qd5 33. Ra1 b4 34. Rb1 Rc4 35. Kh2 Qd6 36. Kg2 Rd4 37. Rc1 Kg7 38. Rb1 Qd5+ 39. Qf3 Qxf3+ 40. Kxf3 Kf6 41. Re1 b3 42. Ke3 Ke5 43. Rb1 Rb4 44. Rb2 f6 45. f4+ Kd5 46. Kd3 Rb7 0-1